[Event "Saint Denis op"]
[Site "Saint Denis"]
[Date "2022.10.13"]
[Round "4"]
[White "Cavillot Delestage, Honore"]
[Black "Bonin, Malo"]
[Result "0-1"]
[WhiteElo "1009"]
[BlackElo "1199"]
[PlyCount "24"]
[EventDate "2022.10.13"]
[EventType "swiss"]
[EventRounds "9"]
[EventCountry "RUF"]
[SourceTitle "EXT 2024"]
[Source "ChessBase"]
[SourceDate "2023.10.10"]
[SourceVersion "1"]
[SourceVersionDate "2023.10.10"]
[SourceQuality "1"]

1. e4 e5 2. f4 exf4 3. Nf3 Nc6 4. d3 Bc5 5. Bxf4 d6 6. Nc3 Bd7 7. Qd2 Qe7 8. Be2 Nf6 9. 0-0-0 0-0-0 10. Rhe1 g5 11. Be3 Bxe3 12. Qxe3 Nh5 0-1